The sailor dog / (Record no. 1168)

MARC details
000 -LEADER
fixed length control field 00624cam a2200205u 4500
005 - DATE AND TIME OF LATEST TRANSACTION
control field 20260129154033.0
040 ## - CATALOGING SOURCE
Original cataloging agency DLC
Transcribing agency CarP
Modifying agency DLC
Language of cataloging eng
050 00 - LIBRARY OF CONGRESS CALL NUMBER
Classification number PZ10.3.B7656
Item number Sai
100 1# - MAIN ENTRY--PERSONAL NAME
Personal name Brown, Margaret Wise,
Dates associated with a name 1910-1952.
245 14 - TITLE STATEMENT
Title The sailor dog /
260 ## - PUBLICATION, DISTRIBUTION, ETC.
Place of publication, distribution, etc. New York,
Name of publisher, distributor, etc. Simon and Schuster
Date of publication, distribution, etc. 1953.
300 ## - PHYSICAL DESCRIPTION
Extent 23 Unnumbered pages:
Other physical details Colors illustrations;
Dimensions 21 cm.
505 ## - FORMATTED CONTENTS NOTE
Formatted contents note F <br/>
520 ## - SUMMARY, ETC.
Summary, etc. A dog that has always wanted to go to sea realizes his dream.
521 ## - TARGET AUDIENCE NOTE
Target audience note 320 <br/>
Source Lexile <br/>
521 ## - TARGET AUDIENCE NOTE
Target audience note F <br/>
Source Raz-Plus <br/>
906 ## - LOCAL DATA ELEMENT F, LDF (RLIN)
a 0
b cbc
c premunv
d u
e ncip
f 19
g y-gencatlg
942 ## - ADDED ENTRY ELEMENTS (KOHA)
Source of classification or shelving scheme Dewey Decimal Classification
Koha item type Books
Suppress in OPAC No
999 ## -
-- 1168
-- 1168
Holdings
Withdrawn status Lost status Source of classification or shelving scheme Damaged status Not for loan Collection Home library Current library Shelving location Date acquired Total Checkouts Full call number Barcode Date last seen Copy number Price effective from Koha item type
    Dewey Decimal Classification     Juvenile Fiction Footprints International School Library Network Toul Tom Poung Campus Footprints International School Library Network Toul Tom Poung Campus TTP Primary Green Bookshelves 08/07/2023   BRO Fic PZ7.B8163 FISBK00163 08/07/2023 1 08/07/2023 Books
    Dewey Decimal Classification     Juvenile Fiction Footprints International School Library Network Toul Tom Poung Campus Footprints International School Library Network Toul Tom Poung Campus TTP Primary Green Bookshelves 01/29/2026   BRO Fic PZ7.B8163 FISBK00136 01/29/2026 2 01/29/2026 Books